The noble scholar, jurist, historian


 His Excellency Dr. Abdul Wahhab bin Ibrahim Abu Sulaiman, may Allah have mercy on him.


 He was born in Umm Al-Qura in the year 1356 AH.

الامام شهاب الدين القرافي وأثره في الفقه الإسلامي / (Record no. 3515)

MARC details
000 -LEADER
fixed length control field 01120cam a2200265 i 4500
003 - CONTROL NUMBER IDENTIFIER
control field SA-RiAUC
005 - DATE AND TIME OF LATEST TRANSACTION
control field 20241215072921.0
008 - FIXED-LENGTH DATA ELEMENTS--GENERAL INFORMATION
fixed length control field 241214s1991 mm g 000 0bara c
040 ## - CATALOGING SOURCE
Original cataloging agency SA-MuMU
Language of cataloging ara
Transcribing agency SA-RiAUC
Description conventions rda
082 04 - DEWEY DECIMAL CLASSIFICATION NUMBER
Classification number 922.582
090 ## - LOCALLY ASSIGNED LC-TYPE CALL NUMBER (OCLC); LOCAL CALL NUMBER (RLIN)
Classification number (OCLC) (R) ; Classification number, CALL (RLIN) (NR) 922.582
Local cutter number (OCLC) ; Book number/undivided call number, CALL (RLIN) ص ل ا
100 1# - MAIN ENTRY--PERSONAL NAME
Personal name صلاح، عبد الله إبراهيم
Relator term مؤلف.
245 10 - TITLE STATEMENT
Title الامام شهاب الدين القرافي وأثره في الفقه الإسلامي /
Statement of responsibility, etc. تأليف عبد الله إبراهيم صلاح.
264 #1 - PRODUCTION, PUBLICATION, DISTRIBUTION, MANUFACTURE, AND COPYRIGHT NOTICE
Place of production, publication, distribution, manufacture فاليتا :
Name of producer, publisher, distributor, manufacturer مركز دراسات العالم الإسلامي،
Date of production, publication, distribution, manufacture, or copyright notice 1991
300 ## - PHYSICAL DESCRIPTION
Extent 548 صفحة.
336 ## - CONTENT TYPE
Content type term نص
Content type code txt
Source rdacontent
Materials specified كتاب
337 ## - MEDIA TYPE
Media type term بدون وسيط
Media type code n
Source rdamedia
338 ## - CARRIER TYPE
Carrier type term مجلد
Carrier type code nc
Source rdacarrier
490 0# - SERIES STATEMENT
Series statement سلسلة التراث والتجديد ؛
Volume/sequential designation 1
600 17 - SUBJECT ADDED ENTRY--PERSONAL NAME
Personal name القرافي، أحمد بن إدريس بن عبد الرحمن،
Dates associated with a name 626-684 هجري
Source of heading or term aucnm
650 #7 - SUBJECT ADDED ENTRY--TOPICAL TERM
Topical term or geographic name entry element الفقهاء المالكية
Form subdivision تراجم
Source of heading or term aucsh
650 #7 - SUBJECT ADDED ENTRY--TOPICAL TERM
Topical term or geographic name entry element الفقه المالكي
Source of heading or term aucsh
942 ## - ADDED ENTRY ELEMENTS (KOHA)
Source of classification or shelving scheme Dewey Decimal Classification
Koha item type Books
Suppress in OPAC No
949 ## - LOCAL PROCESSING INFORMATION (OCLC)
a SA-JeALM
d 241214
u mohamedma123
n 1
Holdings
Withdrawn status Lost status Source of classification or shelving scheme Damaged status Not for loan Home library Current library Date acquired Total checkouts Full call number Barcode Date last seen Price effective from Koha item type
    Dewey Decimal Classification     DR AbdElwahab Library DR AbdElwahab Library 12/15/2024   922.582 ص ل ا 000005411 12/15/2024 12/15/2024 Books